000 00771nam a2200289Ia 4500
001 Para_2061
003 CHAP
008 220125s1998 xx 000 0 und d
010 _a200694
040 _cCHAP
082 _aPA 631.587 M69
100 _aMoya Talens, Jesús Antonio
_979197
245 _aRiego localizado y fertirrigación /
_c por Jesús Antonio Moya Talens
250 _a2
260 _aMadrid :
_b Mundi Prensa
300 _a392 p.
650 _aFertirrigación
_940652
650 _aIrrigación
_960366
650 _aRiego por aspersión
_997375
901 _aPA 631.587 M69
902 _aM
905 _a0000001998 a 0000000000 00
910 _a1998
942 _cPARA
942 _cPARA
_d1
999 _c200694
_d200694